000 00568nam a2200205Ia 4500
005 20250326144259.0
008 250326s9999 xx 000 0 und d
020 _a978-0-199-215355
037 _aTextbook
040 _aFMSL
_beng
_cFMSL
041 _aeng
_2eng
084 _aX:8 P8
_qFMSL
100 _aDopson S
_9746101
245 0 _aMapping the management journey
_cDopson S; Earl M And Others
260 _aNY
_bNY, Oxford University Press
_c2008
365 _b1450
650 _aOrganization
942 _cTB
_hX:8 P8
999 _c1303120
_d1303120